[Event "Rijeka Paris Memorial 38th"]
[Site "Rijeka"]
[Date "2017.11.04"]
[Round "1"]
[White "Res, Dalibor"]
[Black "Pavlovic, Ranko"]
[Result "0-1"]
[WhiteElo "1670"]
[BlackElo "2114"]
[PlyCount "98"]
[EventDate "2017.11.04"]
[EventType "swiss"]
[EventRounds "9"]
[EventCountry "CRO"]
[SourceTitle "CBM 181 Extra"]
[Source "ChessBase"]
[SourceDate "2017.12.12"]
[SourceVersion "1"]
[SourceVersionDate "2017.12.12"]
[SourceQuality "1"]

1. e4 e6 2. d4 d5 3. exd5 exd5 4. Nc3 c6 5. Nf3 Bd6 6. Be2 Ne7 7. Bg5 f6 8. Bh4 Nd7 9. Bg3 Nf8 10. Nh4 Nfg6 11. Bh5 0-0 12. Qd3 Nxh4 13. Bxh4 g6 14. Bf3 Nf5 15. Bg3 Re8+ 16. Ne2 Nxg3 17. hxg3 Bf5 18. Qd2 Qc7 19. 0-0-0 Re7 20. Rh6 Rae8 21. Rdh1 Rf7 22. Nf4 Bxf4 23. gxf4 Be4 24. Bxe4 Rxe4 25. g3 Qe7 26. Kd1 Qe6 27. Re1 Re7 28. Rxe4 Qxe4 29. Rh2 f5 30. b3 Kg7 31. Kc1 b6 32. Qd1 c5 33. dxc5 bxc5 34. Rh1 d4 35. Kd2 Kf6 36. Re1 Qxe1+ 37. Qxe1 Rxe1 38. Kxe1 g5 39. fxg5+ Kxg5 40. f3 f4 41. g4 Kh4 42. Kf2 Kh3 43. Kf1 Kg3 44. Ke2 h6 45. a3 a5 46. a4 Kg2 47. Kd3 Kxf3 48. Kc4 Kxg4 49. Kxc5 f3 0-1

[Event "CRO-chT3 West"]
[Site "Croatia"]
[Date "2017.04.09"]
[Round "6.3"]
[White "Res, Dalibor"]
[Black "Topic, Joso1111"]
[Result "1/2-1/2"]
[WhiteElo "1679"]
[BlackElo "1655"]
[PlyCount "49"]
[EventDate "2017.03.25"]
[EventType "team-tourn"]
[EventRounds "9"]
[EventCountry "CRO"]
[SourceTitle "EXT 2019"]
[Source "ChessBase"]
[SourceDate "2018.10.10"]
[SourceVersion "1"]
[SourceVersionDate "2018.10.10"]
[SourceQuality "1"]

1. e4 e5 2. Nf3 d6 3. Bc4 h6 4. d4 exd4 5. Qxd4 Nf6 6. 0-0 Nc6 7. Bb5 Bd7 8. Bxc6 Bxc6 9. Nc3 Be7 10. Bf4 0-0 11. Nd5 Nxd5 12. exd5 Bf6 13. Qc4 Bd7 14. c3 a6 15. Qb3 Rb8 16. Rfe1 Bg4 17. Re3 Re8 18. Rae1 Rxe3 19. Rxe3 Qd7 20. h3 Bh5 21. Nd2 Bg6 22. Ne4 Bxe4 23. Rxe4 b5 24. Qc2 a5 25. b3 1/2-1/2

[Event "Kastav ZNG111 op 15th"]
[Site "Kastav"]
[Date "2012.09.16"]
[Round "6.5"]
[White "Beric, Zeljko"]
[Black "Res, Dalibor"]
[Result "1-0"]
[WhiteElo "1697"]
[BlackElo "1800"]
[PlyCount "39"]
[EventDate "2012.09.07"]
[EventType "swiss"]
[EventRounds "7"]
[EventCountry "CRO"]
[SourceTitle "EXT 2023"]
[Source "ChessBase"]
[SourceDate "2022.10.05"]
[SourceVersion "1"]
[SourceVersionDate "2022.10.05"]
[SourceQuality "1"]

1. e4 e5 2. Nf3 Nc6 3. Nc3 Nf6 4. Bb5 a6 5. Bc4 Bc5 6. 0-0 d6 7. h3 Na5 8. Bb3 Nxb3 9. axb3 Bd7 10. d3 h6 11. Be3 Ba7 12. Qd2 Bxe3 13. fxe3 g5 14. Qf2 g4 15. Nh2 gxh3 16. Qxf6 Qxf6 17. Rxf6 Ke7 18. Nd5+ Kf8 19. Raf1 Be6 20. Rxe6 1-0

[Event "Kraljevica ZNG111 op 14th"]
[Site "Kraljevica"]
[Date "2012.02.19"]
[Round "3"]
[White "Kvaternik, Sinisa"]
[Black "Res, Dalibor"]
[Result "1-0"]
[WhiteElo "1962"]
[BlackElo "1813"]
[PlyCount "53"]
[EventDate "2012.02.18"]
[EventType "swiss"]
[EventRounds "7"]
[EventCountry "CRO"]
[SourceTitle "CBM 147 Extra"]
[Source "ChessBase"]
[SourceDate "2012.04.24"]
[SourceVersion "1"]
[SourceVersionDate "2012.04.24"]
[SourceQuality "1"]

1. e4 e5 2. Nf3 Nc6 3. Bc4 Bc5 4. 0-0 d6 5. h3 Nf6 6. d3 Na5 7. Nbd2 Nxc4 8. Nxc4 a6 9. Bg5 Be6 10. Nfd2 h6 11. Bh4 c6 12. Kh2 b5 13. Ne3 g5 14. Bg3 h5 15. Kh1 h4 16. Bh2 Qb6 17. Qf3 Nh5 18. Nf5 0-0-0 19. c3 Qa7 20. b4 Bb6 21. a4 Nf4 22. axb5 cxb5 23. Ra3 Kc7 24. Rfa1 Ra8 25. c4 Bxf2 26. cxb5 Qe3 27. Nxe3 1-0